Personnages Harry Potter - œil - Statistiques

Statistiques générales
  • Ce quiz a été pris 67 fois
  • Le résultat moyen est 12 sur 20
Statistiques - réponses
Par images Réponse % Correct
Hermione Granger
94%
Ron Weasley
94%
Alastor Maugrey
92%
Harry Potter
92%
Lord Voldemort
92%
Albus Dumbledore
86%
Dobby
82%
Hedwige
80%
Kingsley Shackelbolt
73%
Nymphadora Tonks
73%
Bellatrix Lestrange
59%
Ginny Weasley
53%
Minerva McGonagall
53%
Severus Rogue
43%
Gripsec
39%
Drago Malefoy
27%
Vincent Crabbe
25%
Dolores Ombrage
16%
Sirius Black
10%
Marjorie Dursley
4%
Aucun quiz correspondant
Distribution des résultats
% des personnes avec chaque résultat
Percentile par nombre de réponses
Votre historique - résultats
Vous n’avez pas pris ce quiz